000 00305nam a22001337a 4500
008 170801b xxu||||| |||| 00| 0 eng d
020 _a9780123745149
041 _aeng
080 _23RD
_a004
100 _a32
101 _aSHK
245 _aPROGRAMMING LANGUAGE PRAGMATICS
_cSCOTT,M.L
942 _2udc
_cBK
999 _c22427
_d22427